LEADER 02362nam0 22004933i 450 001 LO10315575 005 20251003044208.0 020 $aIT$b8110344 100 $a19931011d1981 ||||0itac50 ba 101 | $aita 102 $ait 181 1$6z01$ai $bxxxe 182 1$6z01$an 183 1$6z01$anc$2RDAcarrier 200 1 $aˆI ‰metalmeccanici$edocumenti per una storia della FIOM$fa cura di Gianfranco Bianchi e Giorgio Lauzi$gcronologia di Toto Lombardo e Corrado Medori 210 $aBari$cDe Donato$d©1981 215 $a516 p.$d21 cm 300 $aPubblicato in occasione dell'ottantesimo anniversario della fondazione della FIOM. 314 $aSC/MIL 30/11/98$9CFIV028673 606 $aFederazione impiegati operai metalmeccanici$xStoria$xDocumenti$2FIR$3LO1C268578$9I 676 $a331.88$9SINDACATI$v23 676 $a331.880945$9SINDACATI. Italia$v20 676 $a331.881 69$9$v20 676 $a331.881710945$9SINDACATI. INDUSTRIA METALLURGICA. ITALIA$v20 676 $a331.881710945$9SINDACATI. Lavorazione dei metalli e prodotti metallici primari. Italia$v21 686 $aIT/X436.5$cLOTTE OPERAIE ITALIA$2R 686 $aIT/X436.8$cORGANIZZAZIONI SINDACALI ED ALTRE ITALIA$2R 696 $aRisorse documentarie 699 $aDocumenti$yRisorse documentarie 702 1$aLauzi$b, Giorgio$3BVEV011777 702 1$aLombardo$b, Toto$3CFIV016684 702 1$aBianchi$b, Gianfranco$f <1915-1992>$3CFIV028673 702 1$aMedori$b, Corrado$3TO0V038540 790 1$aBianchi$b, Gianfranco A.$3CFIV034982$zBianchi, Gianfranco <1915-1992> 790 1$aBianchi$b, Gianfranco A.$3CFIV034982$zBianchi, Gianfranco <1915-1992> 801 3$aIT$bIT-000000$c19931011 850 $aIT-BN0095 $aIT-NA0230 901 $bNAP IR$cF. LAV. GR$nDono Aurelia Del Vecchio 901 $bNAP 01$cPOZZO LIB.$nVi sono collocati fondi di economia, periodici di ingegneria e scienze, periodici di economia e statistica e altri fondi comprendenti documenti di economia pervenuti in dono. 912 $aLO10315575 950 0$aBiblioteca Centralizzata di Ateneo$c1 v.$d 01POZZO LIB.F. SANTI 250$e 0101 0060032265E VMA 1 v. (Precedente collocazione S 261)$fB $h20221109$i20221109 977 $a 01$a IR 996 $aMetalmeccanici$9965884 997 $aUNISANNIO LEADER 04278nam 2200673Ia 450 001 9910438154103321 005 20260331110053.0 010 $a9783034806312 010 $a3034806310 024 7 $a10.1007/978-3-0348-0631-2 035 $a(CKB)2560000000104452 035 $a(EBL)1317337 035 $a(SSID)ssj0000935581 035 $a(PQKBManifestationID)11522712 035 $a(PQKBTitleCode)TC0000935581 035 $a(PQKBWorkID)10952927 035 $a(PQKB)11462744 035 $a(DE-He213)978-3-0348-0631-2 035 $a(MiAaPQ)EBC1317337 035 $a(PPN)170489310 035 $a(MiFhGG)9783034806312 035 $a(MiFhGG)9783034806305 035 $a(EXLCZ)992560000000104452 100 $a20130514d2013 uy 0 101 0 $aeng 135 $aur|n|---||||| 181 $ctxt 182 $cc 183 $acr 200 00$aControl and optimization with PDE constraints /$fKristian Bredies ... [et. al.], editors 205 $a1st ed. 210 $aNew York $cSpringer$d2013 215 $a1 online resource (221 p.) 225 0 $aInternational series of numerical mathematics ;$v164 300 $aDescription based upon print version of record. 311 08$a9783034807562 311 08$a3034807562 311 08$a9783034806305 311 08$a3034806302 320 $aIncludes bibliographical references. 327 $a Preface -- An Adaptive POD Approximation Method for the Control of Advection-Diffusion Equations (A. Alla and M. Falcone) -- Generalized Sensitivity Analysis for Delay Differential Equations (H. T. Banks, D. Robbins and K. L. Sutton) -- Regularity and Unique Existence of Solution to Linear Diffusion Equation with Multiple Time-Fractional Derivatives (S. Beckers and M. Yamamoto) -- Nonsmooth Optimization Method and Sparsity (K. Ito) -- Parareal in Time Intermediate Targets Methods for Optimal Control Problem (Y. Maday, M -- K. Riahi and J. Solomon) -- Hamilton?Jacobi?Bellman Equations on Multi-Domains (Z. Rao and H. Zidani) -- Gradient Computation for Model Calibration with Pointwise Observations (E. W. Sachs and M. Schu) -- Numerical Analysis of POD A-Posteriori Error Estimation for Optimal Control (A. Studinger and S. Volkwein) -- Cubature on C1 Space (G. Turinici) -- A Globalized Newton Method for the Optimal Control of Fermionic Systems (G. von Winckel) -- A Priori Error Estimates for Optimal Control Problems with Constraints on the Gradient of the State on Nonsmooth Polygonal Domains (W. Wollner). 330 $a Many mathematical models of physical, biological and social systems involve partial differential equations (PDEs). The desire to understand and influence these systems naturally leads to considering problems of control and optimization. This book presents important topics in the areas of control of PDEs and of PDE-constrained optimization, covering the full spectrum from analysis to numerical realization and applications. Leading scientists address current topics such as non-smooth optimization, Hamilton?Jacobi?Bellmann equations, issues in optimization and control of stochastic partial differential equations, reduced-order models and domain decomposition, discretization error estimates for optimal control problems, and control of quantum-dynamical systems. These contributions originate from the ?International Workshop on Control and Optimization of PDEs? in Mariatrost in October 2011. This book is an excellent resource for students and researchers in control or optimization of differential equations. Readers interested in theory or in numerical algorithms will find this book equally useful. 410 0$aInternational Series of Numerical Mathematics,$x0373-3149 ;$v164 606 $aMathematical optimization 606 $aProgramming (Mathematics) 615 0$aMathematical optimization. 615 0$aProgramming (Mathematics) 676 $a515.353 676 $a515/.353 701 $aClason$b Christian$01065688 701 $aKunisch$b K$g(Karl),$f1952-$027752 701 $aWinckel$b Gregory von$01751795 801 0$bMiAaPQ 801 1$bMiAaPQ 801 2$bMiAaPQ 906 $aBOOK 912 $a9910438154103321 996 $aControl and optimization with PDE constraints$94186910 997 $aUNINA